Countries that is 1 border across Russia - Statistics

General Stats
  • This quiz has been taken 22 times
  • The average score is 22 of 23
Answer Stats
Answer % Correct
Afghanistan
100%
Bhutan
100%
Czech republic
100%
Germany
100%
Hungary
100%
India
100%
Iran
100%
Laos
100%
Myanmar
100%
Romania
100%
Slovakia
100%
South Korea
100%
Sweden
100%
Turkey
100%
Vietnam
100%
Kyrgyzstan
95%
Nepal
95%
Pakistan
95%
Tajikistan
95%
Uzbekistan
95%
Armenia
89%
Turkmenistan
89%
Moldova
84%
No matching quizzes found
Score Distribution
Percent of People with Each Score
Percentile by Number Answered
Your Score History
You have not taken this quiz